000 00974cab a2200193 4500
001 ##L131381
008 050727n2005 000 0 eng u
035 _a(Sirsi) u131381
041 0 _aeng
100 1 _aBray, Andrew
245 0 0 _aRating energy use
260 _c2005
490 0 _aPremises and Facilities Management
_vOctober 2005, 67-69(3)
520 _aExamines the implications of the energy performance of buildings directive (Directive 2002/91/EC) which is due to come into force across the EU in January 2006. The aim of the Directive is to increase energy efficiency in all buildings and introduce a consumer rating scheme similar to the one used for white goods. This should have a positive impact for facilities managers. The article examines what facilities managers can do to be prepared for the implementation of the Directive.
590 _aIKA081105
650 2 4 _aDIRECTIVE 2002/91/EC
690 _aMANAGEMENT-FACILITIES MANAGEMENT
942 _n0
999 _c104736
_d104736